000 00690na a2200241 4500
001 18941
003 MIRAKIL
005 20181213155047.0
008 161205b tu 000 0
035 _a13472
040 _aMilas
_btur
_cTR-AnCHP
041 _afre
082 _a303.625
_bL2 1994
090 _a303.625 L2 1994
245 _aLa vraie nature du PKK
_bune organisation terroriste
_cGazeteciler Cemiyeti
260 _aAnkara
_bGazeteciler Cemiyeti Yayınları
_c1994
300 _a35, 3 s.
_bgrf.
_c21 sm.
490 _aGazeteciler Cemiyeti Yayınları
_v37
610 _aPKK
650 _aPKK terör örgütü
_xTürkiye
650 _aTerörizm
_xTürkiye
942 _2ddc
_cBKS
999 _c5800
_d5800